[Event "Nordic-chT U20"]
[Site "Viby"]
[Date "2002.09.06"]
[Round "1.10"]
[White "Poulsen, Morten Kjaer"]
[Black "Rhee, Frederik Alexander"]
[Result "1-0"]
[WhiteElo "2010"]
[BlackElo "1788"]
[PlyCount "53"]
[EventDate "2002.09.06"]
[EventType "team-tourn"]
[EventRounds "3"]
[EventCountry "DEN"]
[SourceTitle "EXT 2018"]
[Source "ChessBase"]
[SourceDate "2017.10.13"]
[SourceVersion "1"]
[SourceVersionDate "2017.10.13"]
[SourceQuality "1"]
[WhiteTeam "Denmark"]
[BlackTeam "Denmark II"]
[WhiteTeamCountry "DEN"]
[BlackTeamCountry "DEN"]

1. e4 c5 2. Nf3 Nc6 3. d4 cxd4 4. Nxd4 Nf6 5. Nc3 e5 6. Ndb5 d6 7. Bg5 a6 8. Na3 b5 9. Bxf6 gxf6 10. Nd5 Be7 11. c3 0-0 12. Nc2 f5 13. exf5 Bxf5 14. Nce3 Bg6 15. Bd3 f5 16. 0-0 Kh8 17. f4 e4 18. Bc2 Ra7 19. a4 Qb8 20. Qe2 Qb7 21. Kh1 b4 22. Qc4 a5 23. g4 fxg4 24. cxb4 Nxb4 25. Qd4+ Kg8 26. Bb3 Bf7 27. Nf5 1-0

[Event "Ronne Jubilaum"]
[Site "Ronne"]
[Date "2001.06.28"]
[Round "7"]
[White "Poulsen, Morten Kjaer"]
[Black "Aurlund, Kjell"]
[Result "1-0"]
[WhiteElo "1785"]
[BlackElo "2305"]
[PlyCount "57"]
[EventDate "2001.06.24"]
[EventType "swiss"]
[EventRounds "9"]
[EventCountry "DEN"]
[SourceTitle "EXT 2023"]
[Source "ChessBase"]
[SourceDate "2022.10.05"]
[SourceVersion "1"]
[SourceVersionDate "2022.10.05"]
[SourceQuality "1"]

1. e4 g6 2. d4 Bg7 3. Nc3 d6 4. h3 a6 5. a4 Nd7 6. g3 c5 7. Be3 Qa5 8. Nge2 Ngf6 9. Bg2 0-0 10. 0-0 cxd4 11. Bxd4 Ne5 12. b3 Nc6 13. Be3 Nd7 14. Qd2 Nc5 15. Rad1 Be6 16. Nd4 Rad8 17. Nxc6 bxc6 18. Nd5 Qxd2 19. Nxe7+ Kh8 20. Rxd2 Bxh3 21. Bxh3 Nxe4 22. Rd3 c5 23. Nd5 f5 24. Nc7 Rc8 25. Ne6 c4 26. Rdd1 Rfe8 27. Nxg7 Kxg7 28. Bg2 cxb3 29. cxb3 1-0

[Event "Ronne Jubilaum"]
[Site "Ronne"]
[Date "2001.06.24"]
[Round "1"]
[White "Tetenkina, Irina"]
[Black "Poulsen, Morten Kjaer"]
[Result "1-0"]
[WhiteElo "2221"]
[BlackElo "1785"]
[PlyCount "65"]
[EventDate "2001.06.24"]
[EventType "swiss"]
[EventRounds "9"]
[EventCountry "DEN"]
[SourceTitle "EXT 2023"]
[Source "ChessBase"]
[SourceDate "2022.10.05"]
[SourceVersion "1"]
[SourceVersionDate "2022.10.05"]
[SourceQuality "1"]

1. c4 e5 2. Nc3 f5 3. d4 exd4 4. Qxd4 Nc6 5. Qe3+ Qe7 6. Nd5 Qxe3 7. Bxe3 Bb4+ 8. Kd1 Kd8 9. Nf3 h6 10. Bd4 Nxd4 11. Nxd4 Bc5 12. Nxf5 Bxf2 13. e3 g6 14. Ke2 gxf5 15. Kxf2 c6 16. Nf4 Nf6 17. Be2 Kc7 18. Bf3 d6 19. Rad1 Ng4+ 20. Bxg4 fxg4 21. Rd4 Rf8 22. Rhd1 Rf6 23. Kg3 Bf5 24. e4 Bg6 25. c5 dxc5 26. Rd7+ Kb6 27. e5 Rxf4 28. Kxf4 Rf8+ 29. Kg3 Bf7 30. Rf1 Be6 31. Rxb7+ Kxb7 32. Rxf8 Bxa2 33. Kxg4 1-0